[Event "Barcelona Espluguenc Rapid"]
[Site "Barcelona"]
[Date "2022.09.11"]
[Round "3"]
[White "Luna Munoz, Rogelio"]
[Black "Jimenez Ramos, Joel"]
[Result "0-1"]
[WhiteElo "1133"]
[BlackElo "1467"]
[PlyCount "56"]
[EventDate "2022.09.11"]
[EventType "swiss (rapid)"]
[EventRounds "7"]
[EventCountry "ESP"]
[SourceTitle "EXT 2023"]
[Source "ChessBase"]
[SourceDate "2022.10.05"]
[SourceVersion "1"]
[SourceVersionDate "2022.10.05"]
[SourceQuality "1"]

1. d4 d5 2. Nf3 Nc6 3. Bf4 Nf6 4. c4 dxc4 5. Nc3 Bf5 6. e3 e6 7. Bxc4 Bb4 8. 0-0 0-0 9. Nb5 Bd6 10. Bg5 Bg4 11. e4 e5 12. d5 Nd4 13. Nbxd4 exd4 14. Qd3 Bxf3 15. Qxf3 Be5 16. Qh3 h6 17. Bh4 Qd6 18. Rfe1 h5 19. Qf5 Bxh2+ 20. Kf1 Qb4 21. Bxf6 Qxc4+ 22. Re2 d3 23. Qg5 dxe2+ 24. Ke1 g6 25. Qh6 Qb4+ 26. Kxe2 Qxe4+ 27. Kf1 Qd3+ 28. Ke1 Rae8+ 0-1